LEADER 01364oam 2200385zu 450 001 996218934903316 005 20210807003224.0 035 $a(CKB)111026746701460 035 $a(SSID)ssj0000396546 035 $a(PQKBManifestationID)12119848 035 $a(PQKBTitleCode)TC0000396546 035 $a(PQKBWorkID)10334936 035 $a(PQKB)10754515 035 $a(EXLCZ)99111026746701460 100 $a20160829d2000 uy 101 0 $aeng 181 $ctxt 182 $cc 183 $acr 200 10$a33rd International Conference on Technology of Object-Oriented Languages: Proceedings TOOLS 33: June 5-8, 2000, Mont-Saint-Michel, France 210 31$a[Place of publication not identified]$cIEEE Computer Society Press$d2000 300 $aBibliographic Level Mode of Issuance: Monograph 311 $a0-7695-0731-X 606 $aComputer Science$2HILCC 606 $aEngineering & Applied Sciences$2HILCC 615 7$aComputer Science 615 7$aEngineering & Applied Sciences 676 $a005.1/17 700 $aMitchell$b R. J 701 $aMitchell$b R. J.$cDr.$0845291 801 0$bPQKB 906 $aPROCEEDING 912 $a996218934903316 996 $a33rd International Conference on Technology of Object-Oriented Languages: Proceedings TOOLS 33: June 5-8, 2000, Mont-Saint-Michel, France$92849191 997 $aUNISA LEADER 01449nam 2200421 a 450 001 9910703266203321 005 20110831090426.0 035 $a(CKB)4970000000040819 035 $a(OCoLC)748551327 035 $a(EXLCZ)994970000000040819 100 $a20110831d2011 ua 0 101 0 $aeng 135 $aurmn||||||||| 181 $ctxt$2rdacontent 182 $cc$2rdamedia 183 $acr$2rdacarrier 200 10$aMedicare Part D$b[electronic resource] $echanges in utilization similar for randomly reassigned and other low-income subsidy beneficiaries /$f[Kathleen M. King] 210 1$aWashington, DC :$cU.S. Govt. Accountability Office,$d[2011] 215 $a1 online resource (19 pages) $cillustrations 300 $aTitle from PDF title screen (viewed Aug 22, 2011). 300 $a"June 22, 2011." 300 $a"GAO-11-546R." 320 $aIncludes bibliographical references. 517 $aMedicare Part D 606 $aPoor$xMedical care$zUnited States 606 $aMedicare 606 $aPharmaceutical services insurance$xSubsidies 615 0$aPoor$xMedical care 615 0$aMedicare. 615 0$aPharmaceutical services insurance$xSubsidies. 700 $aKing$b Kathleen M$01383406 712 02$aUnited States.$bGovernment Accountability Office. 801 0$bGPO 801 1$bGPO 906 $aDOCUMENT 912 $a9910703266203321 996 $aMedicare Part D$93500132 997 $aUNINA